[Event "BL 1718 USV Dresden - Schachfreunde Ber"]
[Site "?"]
[Date "2018.04.30"]
[Round "14.8"]
[White "Hoffmann, Paul"]
[Black "Lauber, Arnd"]
[Result "0-1"]
[WhiteElo "2396"]
[BlackElo "2427"]
[PlyCount "64"]
[EventDate "2018.??.??"]
[EventType "team-tourn"]

1. e4 c6 2. d4 d5 3. Nc3 dxe4 4. Nxe4 Bf5 5. Ng3 Bg6 6. h4 h6 7. Nf3 Nf6 8. h5
Bh7 9. Bd3 Bxd3 10. Qxd3 e6 11. Bf4 Bd6 12. Bxd6 Qxd6 13. O-O-O O-O 14. Kb1
Nbd7 15. Ne4 Nxe4 16. Qxe4 Rad8 17. c3 Nf6 18. Qe2 Qd5 19. Rh4 Nxh5 20. Rdh1
Qf5+ 21. Ka1 Nf4 22. Qd2 Ng6 23. Rh5 Qf4 24. Qe2 Rd5 25. R5h2 Rfd8 26. g3 Qg4
27. Qe3 c5 28. a3 Rf5 29. Ne5 Nxe5 30. dxe5 Rd1+ 31. Rxd1 Qxd1+ 32. Ka2 Qd5+
0-1

[Event "BL 1718 SK Norderstedt - Hamburger SK"]
[Site "?"]
[Date "2018.04.30"]
[Round "14.1"]
[White "Grandelius, Nils"]
[Black "Olszewski, Michal"]
[Result "1-0"]
[WhiteElo "2651"]
[BlackElo "2538"]
[PlyCount "67"]
[EventDate "2018.??.??"]
[EventType "team-tourn"]

1. e4 c5 2. Nf3 d6 3. d4 cxd4 4. Nxd4 Nf6 5. Nc3 a6 6. Bg5 Nbd7 7. Bc4 e6 8.
O-O Qa5 9. f4 Qc5 10. Bb3 e5 11. fxe5 dxe5 12. Qh5 g6 13. Qh4 Be7 14. Bxf6 Nxf6
15. Rxf6 O-O 16. Nd5 Qxd4+ 17. Kh1 Bd8 18. c3 Qd2 19. Qg3 Bxf6 20. Nxf6+ Kh8
21. Qxe5 Qh6 22. Ne8+ f6 23. Qe7 Be6 24. Nc7 Bxb3 25. Nxa8 Bg8 26. Qxb7 Rd8 27.
Nc7 Rd2 28. Ne8 Qf8 29. Qxa6 Bxa2 30. Nxf6 Rxb2 31. h3 Qc5 32. Ng4 Qxc3 33. e5
Rf2 34. Rd1 1-0

[Event "BL 1718 SK Norderstedt - Hamburger SK"]
[Site "?"]
[Date "2018.04.30"]
[Round "14.2"]
[White "Trent, Lawrence"]
[Black "Svane, Rasmus"]
[Result "0-1"]
[WhiteElo "2417"]
[BlackElo "2579"]
[PlyCount "154"]
[EventDate "2018.??.??"]
[EventType "team-tourn"]

1. Nf3 d5 2. c4 c6 3. e3 Nf6 4. Nc3 a6 5. b3 Bf5 6. Be2 h6 7. O-O e6 8. Bb2 Bb4
9. a3 Bd6 10. d4 Nbd7 11. b4 O-O 12. c5 Be7 13. Nb1 Qc7 14. Nbd2 a5 15. Bc3
axb4 16. axb4 b6 17. Qb3 bxc5 18. bxc5 e5 19. Rxa8 Rxa8 20. Ra1 Rxa1+ 21. Bxa1
exd4 22. exd4 Ne4 23. Nxe4 Bxe4 24. Bc3 Bf6 25. g3 Qc8 26. Nd2 Bf5 27. Bf1 Nf8
28. Qb6 Ne6 29. Qb2 Qa8 30. Bg2 Qa4 31. Qb3 Qxb3 32. Nxb3 Bc2 33. Na5 Ba4 34.
Bh3 Nxc5 35. Bb4 Nd3 36. Bc3 c5 37. Bg2 Nb4 38. Bxb4 cxb4 39. Bxd5 Bxd4 40. Nb3
Bb6 41. Bc4 Kf8 42. Kf1 Ke7 43. Ke2 Bd7 44. Nd2 g5 45. Bd3 Bg4+ 46. Kf1 Bd4 47.
Nb3 Bc3 48. Na5 Be6 49. Bc2 Kd6 50. Ke2 Bd4 51. Nb3 Bb6 52. Nd2 f5 53. h3 Kc5
54. Kd3 Bd7 55. Bb3 Bd8 56. Bg8 Bf6 57. Nb3+ Kb5 58. Nd4+ Kc5 59. Nb3+ Kd6 60.
Na5 Bc3 61. Bc4 Ke5 62. Bg8 Kf6 63. Bd5 h5 64. Bf3 Bb5+ 65. Ke3 Be8 66. Bd1 Bf7
67. Nb3 h4 68. gxh4 f4+ 69. Ke2 gxh4 70. Nc5 Bg6 71. f3 Bf5 72. Ne4+ Ke5 73.
Nf2 Kd4 74. Bb3 Bb2 75. Bf7 Bc1 76. Kd1 Be3 77. Ng4 Kc3 0-1

[Event "BL 1718 SK Norderstedt - Hamburger SK"]
[Site "?"]
[Date "2018.04.30"]
[Round "14.3"]
[White "Huschenbeth, Niclas"]
[Black "Ostrovskiy, Andrey"]
[Result "1-0"]
[WhiteElo "2571"]
[BlackElo "2433"]
[PlyCount "87"]
[EventDate "2018.??.??"]
[EventType "team-tourn"]

1. d4 Nf6 2. Nf3 e6 3. Bf4 c5 4. e3 d5 5. Nbd2 Nc6 6. c3 Bd6 7. Bg3 O-O 8. Bd3
b6 9. e4 Be7 10. e5 Nh5 11. Ng5 Bxg5 12. Qxh5 g6 13. Qe2 f5 14. f4 Be7 15. Nf3
c4 16. Bc2 b5 17. a3 Bd7 18. O-O a5 19. Bf2 b4 20. Kh1 Rf7 21. Rg1 Qf8 22. Bh4
Bxh4 23. Nxh4 Qh6 24. Qf2 Rb8 25. axb4 axb4 26. Ba4 Nd8 27. Bxd7 Rxd7 28. g4
bxc3 29. bxc3 fxg4 30. Rxg4 Rdb7 31. f5 Rb1+ 32. Rxb1 Rxb1+ 33. Kg2 Qc1 34.
Nxg6 Rb2 35. Nf4+ Kh8 36. Ne2 Qd1 37. Qg3 Rxe2+ 38. Kh3 Qf1+ 39. Kh4 Rxh2+ 40.
Qxh2 exf5 41. Rg1 Qf3 42. Qg3 Qxg3+ 43. Kxg3 Ne6 44. Kf3 1-0

[Event "BL 1718 SK Norderstedt - Hamburger SK"]
[Site "?"]
[Date "2018.04.30"]
[Round "14.4"]
[White "Kopylov, Michael"]
[Black "Kollars, Dmitrij"]
[Result "1/2-1/2"]
[WhiteElo "2418"]
[BlackElo "2541"]
[PlyCount "77"]
[EventDate "2018.??.??"]
[EventType "team-tourn"]

1. d4 Nf6 2. c4 g6 3. g3 Bg7 4. Bg2 O-O 5. Nf3 d6 6. O-O Nc6 7. Nc3 e5 8. dxe5
Nxe5 9. b3 Nxf3+ 10. Bxf3 Re8 11. Bb2 Bh3 12. Re1 c6 13. Qd2 Qe7 14. Rad1 Rad8
15. Qd4 Ng4 16. Nd5 Qe5 17. Nf4 Qxd4 18. Bxd4 Bxd4 19. Rxd4 Ne5 20. Red1 Bf5
21. Rxd6 Rxd6 22. Rxd6 Nxf3+ 23. exf3 g5 24. Nh5 Kf8 25. Kg2 Ke7 26. c5 Rd8 27.
Rxd8 Kxd8 28. Nf6 Bb1 29. a3 b6 30. Ne4 h6 31. Kf1 Ke7 32. Ke2 bxc5 33. Ke3 Ke6
34. Nxc5+ Kd5 35. Ne4 Bc2 36. Nc3+ Kc5 37. Ne4+ Kd5 38. Nc3+ Kc5 39. Ne4+
1/2-1/2

[Event "BL 1718 SK Norderstedt - Hamburger SK"]
[Site "?"]
[Date "2018.04.30"]
[Round "14.5"]
[White "Heinemann, Thies"]
[Black "Krause, Benedict"]
[Result "1-0"]
[WhiteElo "2507"]
[BlackElo "2448"]
[PlyCount "91"]
[EventDate "2018.??.??"]
[EventType "team-tourn"]

1. e4 c5 2. Nf3 e6 3. d3 Nc6 4. g3 Nf6 5. Bg2 Be7 6. O-O d6 7. c3 O-O 8. Nbd2
Qc7 9. Re1 Bd7 10. a3 Ne5 11. Qe2 Rac8 12. d4 Nxf3+ 13. Nxf3 cxd4 14. cxd4 d5
15. exd5 Nxd5 16. Ne5 Bf6 17. Be4 Bc6 18. Qd3 g6 19. Bh6 Bg7 20. Bxg7 Kxg7 21.
Rac1 Qd6 22. Qf3 Ne7 23. Nxc6 Nxc6 24. Bxc6 Rxc6 25. Rxc6 bxc6 26. Qc3 Kg8 27.
Re5 Rd8 28. Ra5 Qxd4 29. Qxd4 Rxd4 30. Rxa7 c5 31. Kf1 Rd2 32. Rb7 c4 33. a4
Rc2 34. a5 c3 35. bxc3 Rxc3 36. a6 Ra3 37. a7 Kg7 38. f4 g5 39. fxg5 Ra2 40. h4
e5 41. h5 e4 42. g4 Ra1+ 43. Kf2 Ra3 44. Ke2 Ra2+ 45. Ke3 Ra4 46. Rc7 1-0

[Event "BL 1718 SK Norderstedt - Hamburger SK"]
[Site "?"]
[Date "2018.04.30"]
[Round "14.6"]
[White "Parvanyan, Ashot"]
[Black "Rogozenco, Dorian"]
[Result "1/2-1/2"]
[WhiteElo "2413"]
[BlackElo "2497"]
[PlyCount "66"]
[EventDate "2018.??.??"]
[EventType "team-tourn"]

1. Nf3 d5 2. g3 c6 3. Bg2 Nf6 4. O-O Bg4 5. d4 e6 6. Nbd2 h6 7. Re1 Bf5 8. c4
Be7 9. b3 O-O 10. Bb2 Nbd7 11. Ne5 Nxe5 12. dxe5 Ne4 13. Nxe4 dxe4 14. Qd4 Qb6
15. Qxb6 axb6 16. Bd4 Bb4 17. Red1 c5 18. Bb2 Rfd8 19. Rd6 Kf8 20. a3 Ba5 21.
Rad1 Ke8 22. e3 Rxd6 23. Rxd6 Rd8 24. Rxd8+ Kxd8 25. h3 h5 26. Kf1 Kc7 27. Ke2
Kc6 28. Kd1 b5 29. Bf1 bxc4 30. bxc4 Kd7 31. Ba1 g5 32. Bb2 Kc6 33. Ba1 Kd7
1/2-1/2

[Event "BL 1718 SK Norderstedt - Hamburger SK"]
[Site "?"]
[Date "2018.04.30"]
[Round "14.7"]
[White "Carlstedt, Jonathan"]
[Black "Meyer, Falko"]
[Result "1-0"]
[WhiteElo "2418"]
[BlackElo "2212"]
[PlyCount "43"]
[EventDate "2018.??.??"]
[EventType "team-tourn"]

1. d4 d5 2. Bf4 Nf6 3. e3 c5 4. c3 Nc6 5. Nd2 g6 6. Be2 cxd4 7. exd4 Bg7 8. h4
h5 9. Ngf3 Ng4 10. O-O O-O 11. g3 Re8 12. Nb3 Qb6 13. a4 a5 14. Bb5 Bf5 15.
Nbd2 Rad8 16. Qb3 Bf6 17. Rae1 Kg7 18. Re2 Rg8 19. Ng5 Na7 20. Nxf7 Nxb5 21.
Nxd8 Rxd8 22. Rfe1 1-0

[Event "BL 1718 SK Norderstedt - Hamburger SK"]
[Site "?"]
[Date "2018.04.30"]
[Round "14.8"]
[White "Kahlert, Thomas"]
[Black "Engel, Luis"]
[Result "1/2-1/2"]
[WhiteElo "2209"]
[BlackElo "2461"]
[PlyCount "52"]
[EventDate "2018.??.??"]
[EventType "team-tourn"]

1. Nf3 c5 2. e3 Nf6 3. d4 cxd4 4. exd4 d5 5. c4 Nc6 6. Nc3 g6 7. cxd5 Nxd5 8.
Qb3 e6 9. Bc4 Na5 10. Bb5+ Bd7 11. Qa4 a6 12. Bxd7+ Qxd7 13. Qxd7+ Kxd7 14.
Ne5+ Ke7 15. Bd2 Nc6 16. O-O-O Rc8 17. Kb1 Bg7 18. Rhe1 Nxc3+ 19. Bxc3 Bxe5 20.
dxe5 Rhd8 21. Rxd8 Rxd8 22. Kc2 Rd5 23. Re4 b5 24. a4 h5 25. f3 Kf8 26. h4 Kg7
1/2-1/2

[Event "BL 1718 FC Bayern München - MSA Zugzwa"]
[Site "?"]
[Date "2018.04.30"]
[Round "14.1"]
[White "Mons, Leon"]
[Black "Dragnev, Valentin"]
[Result "1/2-1/2"]
[WhiteElo "2551"]
[BlackElo "2485"]
[PlyCount "48"]
[EventDate "2018.??.??"]
[EventType "team-tourn"]

1. e3 d5 2. c4 e6 3. Nf3 Nf6 4. b3 c5 5. Bb2 Nc6 6. cxd5 exd5 7. Be2 d4 8. Bb5
Bd6 9. O-O O-O 10. Bxc6 bxc6 11. exd4 cxd4 12. Bxd4 Bg4 13. h3 Bh5 14. Nc3 Re8
15. d3 Bc7 16. Bxf6 Qxf6 17. Ne4 Qg6 18. Ng3 Bxg3 19. fxg3 Qxg3 20. Qd2 Qd6 21.
Rad1 a5 22. Qf2 a4 23. bxa4 Rxa4 24. Rd2 Rea8 1/2-1/2

[Event "BL 1718 FC Bayern München - MSA Zugzwa"]
[Site "?"]
[Date "2018.04.30"]
[Round "14.2"]
[White "Studer, Noel"]
[Black "Kindermann, Stefan"]
[Result "1/2-1/2"]
[WhiteElo "2477"]
[BlackElo "2506"]
[PlyCount "131"]
[EventDate "2018.??.??"]
[EventType "team-tourn"]

1. d4 e6 2. c4 f5 3. g3 Nf6 4. Bg2 d5 5. Nd2 c6 6. Nh3 Bd6 7. Qc2 O-O 8. Nf3
Ne4 9. O-O Nd7 10. Nf4 Qe7 11. Nd3 b6 12. Bf4 Bxf4 13. Nxf4 Bb7 14. cxd5 exd5
15. h4 c5 16. e3 Rac8 17. Qa4 a6 18. Qa3 Rfe8 19. Rfd1 c4 20. Qxe7 Rxe7 21. h5
b5 22. Nh4 Rf7 23. Bh3 Nd6 24. g4 b4 25. gxf5 Nf6 26. Nf3 a5 27. Ne5 Re7 28. f3
c3 29. bxc3 Rxc3 30. Kf2 Rc2+ 31. Kg3 Nc4 32. Re1 Nxe5 33. dxe5 Rxe5 34. h6
gxh6 35. Ne6 Rc3 36. Kf4 Rexe3 37. Rxe3 Nh5+ 38. Kg4 Nf6+ 39. Kf4 Nh5+ 40. Ke5
Rxe3+ 41. Kd4 Rc3 42. Rg1+ Kf7 43. Bg4 Nf6 44. Nd8+ Kf8 45. Nxb7 h5 46. Nxa5
hxg4 47. fxg4 h6 48. Rg2 Kf7 49. Ke5 Re3+ 50. Kf4 d4 51. g5 Nd5+ 52. Kg4 hxg5
53. Kxg5 d3 54. Nc4 Re2 55. Rg3 d2 56. Rd3 Nc3 57. Nxd2 Rxd2 58. Rxd2 Ne4+ 59.
Kf4 Nxd2 60. Ke3 Nb1 61. Kd4 Nc3 62. Kc4 Nxa2 63. Kb3 Kf6 64. Kxa2 Kxf5 65. Kb3
Ke5 66. Kxb4 1/2-1/2

[Event "BL 1718 FC Bayern München - MSA Zugzwa"]
[Site "?"]
[Date "2018.04.30"]
[Round "14.3"]
[White "Bromberger, Stefan"]
[Black "Bischoff, Klaus"]
[Result "1/2-1/2"]
[WhiteElo "2479"]
[BlackElo "2511"]
[PlyCount "40"]
[EventDate "2018.??.??"]
[EventType "team-tourn"]

1. d4 Nf6 2. c4 e6 3. g3 Bb4+ 4. Bd2 Be7 5. Bg2 d5 6. Nf3 c6 7. Qc2 Nbd7 8. O-O
O-O 9. Bf4 Nh5 10. Bc1 Nhf6 11. Nbd2 b6 12. e4 Bb7 13. e5 Ne8 14. cxd5 cxd5 15.
Re1 Qc7 16. Qb3 Nb8 17. Nf1 Nc6 18. Ne3 a5 19. Bd2 a4 20. Qd1 Qd7 1/2-1/2

[Event "BL 1718 FC Bayern München - MSA Zugzwa"]
[Site "?"]
[Date "2018.04.30"]
[Round "14.4"]
[White "Gabriel, Christian"]
[Black "Hertneck, Gerald"]
[Result "0-1"]
[WhiteElo "2509"]
[BlackElo "2482"]
[PlyCount "90"]
[EventDate "2018.??.??"]
[EventType "team-tourn"]

1. d4 d5 2. c4 c6 3. Nc3 Nf6 4. e3 g6 5. Nf3 Bg7 6. Be2 O-O 7. O-O Ne4 8. Qb3
Qb6 9. Qxb6 axb6 10. cxd5 Nxc3 11. bxc3 cxd5 12. c4 dxc4 13. Bxc4 Bf5 14. Bd2
Nc6 15. Nh4 Be6 16. Bxe6 fxe6 17. Bc3 e5 18. d5 Na5 19. Nf3 Nc4 20. Rfb1 Ra4
21. Rb4 Rfa8 22. Rab1 e4 23. Bxg7 Kxg7 24. Ng5 Nd6 25. Rxb6 Rxa2 26. h4 Ra1 27.
Rxa1 Rxa1+ 28. Kh2 Ra5 29. Rb4 b5 30. Ne6+ Kf6 31. Nc5 Ke5 32. Rd4 Ra7 33. g4
Rc7 34. f4+ exf3 35. Nd3+ Kf6 36. Rf4+ Kg7 37. Rxf3 Rc2+ 38. Kh3 Kg8 39. Nb4
Rc4 40. Nc6 Re4 41. Nd4 b4 42. Ne6 Nf7 43. Nc5 Rc4 44. Nd3 Nd6 45. Rf4 b3 0-1

[Event "BL 1718 FC Bayern München - MSA Zugzwa"]
[Site "?"]
[Date "2018.04.30"]
[Round "14.5"]
[White "Zysk, Robert"]
[Black "Lindgren, Philip"]
[Result "1-0"]
[WhiteElo "2420"]
[BlackElo "2399"]
[PlyCount "163"]
[EventDate "2018.??.??"]
[EventType "team-tourn"]

1. Nf3 d5 2. b3 Bg4 3. e3 Nd7 4. Bb2 Ngf6 5. Be2 h6 6. d3 e6 7. Nbd2 Be7 8. a3
c6 9. O-O O-O 10. c4 a5 11. Qc2 Bd6 12. Rfe1 e5 13. c5 Bc7 14. e4 d4 15. Nf1
Qe7 16. Rec1 Rfe8 17. Ng3 Be6 18. Nd2 Nf8 19. b4 Ra7 20. Nc4 N6d7 21. Re1 Rea8
22. Nf1 Ng6 23. g3 Nf6 24. Nfd2 h5 25. Nf3 h4 26. Ng5 Bd7 27. Qd2 Nh7 28. Nxh7
Kxh7 29. Rab1 Be6 30. Bd1 Qf6 31. Qe2 Kg8 32. Bb3 Bd7 33. Bc1 axb4 34. axb4 Nf8
35. Qh5 hxg3 36. hxg3 Qg6 37. Qxg6 Nxg6 38. Kg2 Ra1 39. Bd2 Rxb1 40. Rxb1 Be6
41. Rf1 Nf8 42. f4 f6 43. f5 Bf7 44. g4 Bd8 45. Rb1 Nd7 46. Kf3 Kf8 47. Ke2 Ra6
48. Nd6 Bxb3 49. Rxb3 Ra7 50. Rb1 Be7 51. Nc4 Kf7 52. Rh1 Kg8 53. Rg1 Ra6 54.
Rb1 b5 55. cxb6 Nxb6 56. Na5 Nc8 57. b5 cxb5 58. Rxb5 Rb6 59. Rxb6 Nxb6 60. Nc6
Bd6 61. g5 fxg5 62. Bxg5 Nd7 63. Bh4 Bc7 64. Bg3 Kf7 65. Nxd4 g6 66. fxg6+ Kxg6
67. Nf3 Kf6 68. d4 Ke6 69. d5+ Kd6 70. Nd4 Bb6 71. Nc6 Bc5 72. Kf3 Ba3 73. Bh4
Bb2 74. Be7+ Kc7 75. Kg4 Bc3 76. Kf5 Bb2 77. Ke6 Bc3 78. Bd6+ Kc8 79. Na7+ Kd8
80. Be7+ Ke8 81. Nb5 Ba5 82. Nd6# 1-0

[Event "BL 1718 FC Bayern München - MSA Zugzwa"]
[Site "?"]
[Date "2018.04.30"]
[Round "14.6"]
[White "Ribli, Zoltan"]
[Black "Schramm, Christian"]
[Result "1/2-1/2"]
[WhiteElo "2534"]
[BlackElo "2371"]
[PlyCount "63"]
[EventDate "2018.??.??"]
[EventType "team-tourn"]

1. Nf3 Nf6 2. c4 e6 3. g3 d5 4. d4 dxc4 5. Bg2 Bd7 6. Ne5 Bc6 7. Nxc6 Nxc6 8.
O-O Qd7 9. e3 h5 10. Nd2 h4 11. Nxc4 hxg3 12. hxg3 Nd5 13. Bd2 f5 14. b4 Bd6
15. b5 Nce7 16. a4 g5 17. e4 fxe4 18. Qg4 O-O-O 19. Qxe4 Nf5 20. Rfe1 Rde8 21.
Ne3 Nfxe3 22. Bxe3 Rhg8 23. Bd2 g4 24. Re2 Qf7 25. a5 Qh5 26. a6 b6 27. Qc2 Rh8
28. Qc6 Re7 29. Rae1 Reh7 30. Qb7+ Kd7 31. Qc6+ Kc8 32. Qb7+ 1/2-1/2

[Event "BL 1718 FC Bayern München - MSA Zugzwa"]
[Site "?"]
[Date "2018.04.30"]
[Round "14.7"]
[White "Gerigk, Erasmus"]
[Black "Bezold, Michael"]
[Result "1/2-1/2"]
[WhiteElo "2339"]
[BlackElo "2495"]
[PlyCount "40"]
[EventDate "2018.??.??"]
[EventType "team-tourn"]

1. e4 e6 2. d4 c5 3. c3 d5 4. exd5 Qxd5 5. Nf3 Nf6 6. Be2 Nc6 7. O-O cxd4 8.
cxd4 Be7 9. Nc3 Qd6 10. Nb5 Qd8 11. Bf4 Nd5 12. Bg3 a6 13. Nc3 O-O 14. Rc1 Nf6
15. h3 Bd7 16. a3 Be8 17. Qb3 b5 18. Rfd1 Rc8 19. Bf4 Na5 20. Qa2 Bc6 1/2-1/2

[Event "BL 1718 FC Bayern München - MSA Zugzwa"]
[Site "?"]
[Date "2018.04.30"]
[Round "14.8"]
[White "Rafiee, Makan"]
[Black "Lammers, Markus"]
[Result "1-0"]
[WhiteElo "2296"]
[BlackElo "2302"]
[PlyCount "111"]
[EventDate "2018.??.??"]
[EventType "team-tourn"]

1. e4 e5 2. Nf3 Nf6 3. Nxe5 d6 4. Nf3 Nxe4 5. Nc3 Nxc3 6. dxc3 Be7 7. Bf4 O-O
8. Qd2 Nd7 9. O-O-O Nc5 10. Nd4 Re8 11. f3 Ne6 12. Nxe6 Bxe6 13. Kb1 Qd7 14. g4
b5 15. Bd3 d5 16. h4 c5 17. h5 c4 18. Bf1 Qb7 19. h6 g6 20. Qd4 f6 21. Bh3 Qd7
22. Rde1 Kf7 23. Bg3 Rad8 24. Re2 Qc6 25. Bf2 Bd7 26. Rhe1 Bf8 27. Rxe8 Rxe8
28. Rxe8 Kxe8 29. Be3 a6 30. Bg2 Qe6 31. f4 Qxg4 32. Qxd5 Qe6 33. Qa8+ Bc8 34.
Bd5 Qg4 35. Bf3 Qh3 36. Bb7 Bc5 37. Bc1 Kd8 38. Bxc8 Qxc8 39. Qd5+ Ke7 40. a4
Kf8 41. Ka2 Ke7 42. a5 Kf8 43. Bd2 Be7 44. b4 Qd8 45. Qg2 Qd7 46. Be3 Kf7 47.
Qa8 Qe6 48. Bc5 Qf5 49. Kb2 Bxc5 50. bxc5 Qxc5 51. Qxa6 Ke7 52. Qb7+ Kd6 53. a6
Qc7 54. Qxb5 Qc6 55. Qb8+ Qc7 56. a7 1-0

[Event "BL 1718 SG Solingen - DJK Aachen"]
[Site "?"]
[Date "2018.04.30"]
[Round "14.1"]
[White "van Foreest, Jorden"]
[Black "Harikrishna, Pentala"]
[Result "0-1"]
[WhiteElo "2638"]
[BlackElo "2727"]
[PlyCount "76"]
[EventDate "2018.??.??"]
[EventType "team-tourn"]

1. e4 e5 2. Nf3 Nc6 3. Bc4 Bc5 4. O-O Nf6 5. d3 h6 6. c3 d6 7. Re1 O-O 8. h3 a5
9. Nbd2 Ba7 10. Nf1 Ne7 11. Ng3 Ng6 12. Bb3 b5 13. d4 Re8 14. Bc2 c5 15. Be3
Bb7 16. dxe5 dxe5 17. Qc1 c4 18. Bxa7 Rxa7 19. Qe3 Ra6 20. b3 cxb3 21. axb3 Rc6
22. Qa7 Qc7 23. Qxa5 Qxa5 24. Rxa5 Rxc3 25. Bd1 Bc6 26. Be2 Rxb3 27. Rc1 Bd7
28. Rc5 b4 29. Bb5 Ra3 30. Bxd7 Nxd7 31. Rxa3 Nxc5 32. Ra5 Nd3 33. Rb5 Ngf4 34.
Nf5 Ne2+ 35. Kf1 Nc3 36. Rb7 Ra8 37. Kg1 Nxe4 38. Ne7+ Kh7 0-1

[Event "BL 1718 SG Solingen - DJK Aachen"]
[Site "?"]
[Date "2018.04.30"]
[Round "14.2"]
[White "Rapport, Richard"]
[Black "Lupulescu, Constantin"]
[Result "1/2-1/2"]
[WhiteElo "2707"]
[BlackElo "2616"]
[PlyCount "63"]
[EventDate "2018.??.??"]
[EventType "team-tourn"]

1. Nf3 d5 2. b3 Bg4 3. e3 e6 4. Bb2 Nf6 5. h3 Bh5 6. d3 c5 7. g4 Bg6 8. Ne5
Nfd7 9. Nxg6 hxg6 10. Bg2 Nc6 11. Qe2 Qc7 12. c4 d4 13. Na3 Be7 14. O-O Rd8 15.
f4 O-O 16. Nc2 dxe3 17. g5 Nd4 18. Nxd4 cxd4 19. Bxd4 Nc5 20. Bxe3 Nxd3 21.
Rad1 Nb4 22. a3 Nc6 23. c5 Qa5 24. Qc4 Rxd1 25. Rxd1 Rd8 26. Rxd8+ Bxd8 27. Qc1
Bc7 28. Be4 e5 29. b4 Qb5 30. Qd1 Qc4 31. Bd5 Qc3 32. Qd2 1/2-1/2

[Event "BL 1718 SG Solingen - DJK Aachen"]
[Site "?"]
[Date "2018.04.30"]
[Round "14.3"]
[White "Parligras, Mircea Emilian"]
[Black "Ragger, Markus"]
[Result "1/2-1/2"]
[WhiteElo "2642"]
[BlackElo "2672"]
[PlyCount "58"]
[EventDate "2018.??.??"]
[EventType "team-tourn"]

1. d4 Nf6 2. c4 g6 3. Nc3 d5 4. cxd5 Nxd5 5. e4 Nxc3 6. bxc3 Bg7 7. Nf3 c5 8.
h3 O-O 9. Be3 Qa5 10. Bd2 e6 11. Be2 Qa3 12. O-O b6 13. Qb3 Qxb3 14. axb3 Bb7
15. dxc5 bxc5 16. Ra5 Rc8 17. Rfa1 Bxe4 18. Rxa7 Rxa7 19. Rxa7 Nc6 20. Ra6 Nb8
21. Ra4 Bd5 22. c4 Bc6 23. Ra7 Nd7 24. Be3 Kf8 25. Ng5 h6 26. Bf3 Bxf3 27. Rxd7
hxg5 28. gxf3 Bf6 29. f4 gxf4 1/2-1/2

[Event "BL 1718 SG Solingen - DJK Aachen"]
[Site "?"]
[Date "2018.04.30"]
[Round "14.4"]
[White "Van Wely, Loek"]
[Black "Bindrich, Falko"]
[Result "1/2-1/2"]
[WhiteElo "2667"]
[BlackElo "2598"]
[PlyCount "67"]
[EventDate "2018.??.??"]
[EventType "team-tourn"]

1. d4 d5 2. c4 e6 3. Nc3 Nf6 4. cxd5 Nxd5 5. e4 Nxc3 6. bxc3 c5 7. Rb1 Be7 8.
Nf3 O-O 9. h4 cxd4 10. cxd4 Nc6 11. Bc4 e5 12. d5 Na5 13. Be2 Bd6 14. h5 b6 15.
Nh4 Be7 16. g3 Nb7 17. Bb2 Nc5 18. h6 g5 19. Nf3 Nxe4 20. Nxe5 Bb4+ 21. Kf1
Nd2+ 22. Kg1 Bb7 23. Ng4 f5 24. Ne3 Re8 25. Rh5 Rxe3 26. fxe3 Qxd5 27. Rxg5+
Kf8 28. Rxf5+ Qxf5 29. Bg7+ Ke7 30. Rxb4 Qh3 31. Bf6+ Kf8 32. Bg7+ Ke7 33. Bf6+
Kf8 34. Bg7+ 1/2-1/2

[Event "BL 1718 SG Solingen - DJK Aachen"]
[Site "?"]
[Date "2018.04.30"]
[Round "14.5"]
[White "Handke, Florian"]
[Black "Van Kampen, Robin"]
[Result "1/2-1/2"]
[WhiteElo "2530"]
[BlackElo "2657"]
[PlyCount "46"]
[EventDate "2018.??.??"]
[EventType "team-tourn"]

1. e4 e5 2. Nf3 Nc6 3. Bb5 g6 4. c3 a6 5. Ba4 Bg7 6. O-O b5 7. Bc2 d6 8. d4
exd4 9. Nxd4 Bb7 10. a4 Nge7 11. Be3 b4 12. a5 O-O 13. Ra4 bxc3 14. Nxc3 Rb8
15. h3 Ba8 16. Bd3 Nb4 17. Bb1 Qd7 18. Ra3 Rfd8 19. Nde2 c5 20. Qc1 Nbc6 21.
Rd1 Qb7 22. Rd2 Qc7 23. Bg5 Re8 1/2-1/2

[Event "BL 1718 SG Solingen - DJK Aachen"]
[Site "?"]
[Date "2018.04.30"]
[Round "14.6"]
[White "Bok, Benjamin"]
[Black "van Foreest, Lucas"]
[Result "1-0"]
[WhiteElo "2636"]
[BlackElo "2474"]
[PlyCount "51"]
[EventDate "2018.??.??"]
[EventType "team-tourn"]

1. c4 Nf6 2. Nc3 e6 3. e4 d5 4. cxd5 exd5 5. e5 Ne4 6. Nf3 Bf5 7. d3 Nxc3 8.
bxc3 c5 9. d4 c4 10. g3 Be7 11. Bg2 Na6 12. O-O b5 13. Ne1 Qd7 14. Nc2 Bd3 15.
Re1 O-O 16. a3 Nc7 17. h4 a5 18. Bg5 b4 19. cxb4 Bxg5 20. hxg5 axb4 21. Nxb4
Bf5 22. Qd2 Ra4 23. Ra2 Rb8 24. Rea1 Qb5 25. Rb2 Qb6 26. Raa2 1-0

[Event "BL 1718 SG Solingen - DJK Aachen"]
[Site "?"]
[Date "2018.04.30"]
[Round "14.7"]
[White "Zaragatski, Ilja"]
[Black "Predojevic, Borki"]
[Result "0-1"]
[WhiteElo "2496"]
[BlackElo "2630"]
[PlyCount "102"]
[EventDate "2018.??.??"]
[EventType "team-tourn"]

1. c4 g6 2. g3 Bg7 3. Bg2 Nf6 4. Nc3 O-O 5. d3 d6 6. Rb1 a5 7. a3 e5 8. b4 axb4
9. axb4 c6 10. e4 Be6 11. Nge2 d5 12. exd5 cxd5 13. cxd5 Nxd5 14. O-O Nc6 15.
b5 Nce7 16. Bb2 Qb6 17. Nxd5 Bxd5 18. Bxd5 Nxd5 19. Qb3 Rfd8 20. Rfe1 Nc7 21.
Bc1 Ne6 22. Be3 Qd6 23. Ra1 Rxa1 24. Rxa1 Qxd3 25. Qxd3 Rxd3 26. Ra7 Rd7 27.
Ra8+ Bf8 28. g4 Kg7 29. Ng3 Nc7 30. Bh6+ Kxh6 31. Rxf8 Kg7 32. Rb8 Nxb5 33. Ne4
h6 34. h4 Nd6 35. Nxd6 Rxd6 36. Rxb7 Rd4 37. f3 h5 38. gxh5 gxh5 39. Kf2 Rxh4
40. Rb5 f6 41. Kg3 Rd4 42. Rb8 Rd3 43. Re8 Kg6 44. Rg8+ Kf5 45. Rh8 e4 46.
Rxh5+ Kg6 47. Kg4 Rxf3 48. Rg5+ Kf7 49. Ra5 f5+ 50. Kg5 Ke6 51. Rb5 e3 0-1

[Event "BL 1718 SG Solingen - DJK Aachen"]
[Site "?"]
[Date "2018.04.30"]
[Round "14.8"]
[White "Andersen, Mads"]
[Black "Braun, Christian"]
[Result "1/2-1/2"]
[WhiteElo "2597"]
[BlackElo "2385"]
[PlyCount "153"]
[EventDate "2018.??.??"]
[EventType "team-tourn"]

1. Nf3 Nf6 2. c4 g6 3. Nc3 c5 4. e4 d6 5. d4 cxd4 6. Nxd4 Bg7 7. Be2 Nc6 8. Be3
O-O 9. O-O Bd7 10. Nc2 Rc8 11. f3 Be6 12. Qd2 a5 13. Rac1 Nd7 14. Rfd1 Nc5 15.
Na3 a4 16. Nd5 Re8 17. Nb5 Qa5 18. Qxa5 Nxa5 19. Nbc7 Bxb2 20. Rc2 a3 21. Nxe8
Rxe8 22. Bc1 Bd7 23. Bxb2 axb2 24. Rxb2 f6 25. Kf2 Kf7 26. Nb6 Be6 27. Rc1 Nc6
28. Ke3 Rg8 29. g3 Ne5 30. f4 Ned7 31. Nxd7 Bxd7 32. e5 fxe5 33. fxe5 dxe5 34.
Bf3 Ra8 35. Rc3 Ra7 36. Rf2 Ke8 37. h4 Ra4 38. Rb2 Ra7 39. h5 gxh5 40. Bxh5+
Kd8 41. Bd1 Ra6 42. Rd2 Rg6 43. g4 Ke8 44. Rd5 b6 45. Rxe5 Bxg4 46. Bxg4 Rxg4
47. Kf3 Rh4 48. Kg3 Rd4 49. Rc2 Kd7 50. Rh5 Ne4+ 51. Kg2 Nf6 52. Rb5 Kc6 53. a4
Ne4 54. Re5 Rd2+ 55. Rxd2 Nxd2 56. Rxe7 Nxc4 57. Rxh7 Kc5 58. Kf3 Kb4 59. Rh4
b5 60. axb5 Kxb5 61. Ke4 Nd6+ 62. Kd5 Nc8 63. Rh1 Nb6+ 64. Kd4 Kc6 65. Rc1+ Kd6
66. Rc5 Nd7 67. Ra5 Ke6 68. Ra6+ Kf5 69. Ra7 Nf6 70. Re7 Ng4 71. Rf7+ Nf6 72.
Rf8 Ke6 73. Ra8 Kf5 74. Ra5+ Ke6 75. Re5+ Kd6 76. Re2 Nd7 77. Ke4 1/2-1/2